000 00739nam a22002177a 4500
999 _c9729
_d9729
003 AR-CdUCM
008 190328b ||||| |||| 00| 0 spa d
040 _aMUNICIPALIDAD PROVINCIAL DEL CUSCO
_cBIBLIOTECA MUNICIPAL DEL CUSCO
082 _22ed.
_a985.053 /
_bD96R / 1945.
100 _aDulanto Pinillos, Jorge
_926143
245 _aRamón Castilla :
_btesis para el doctorado en letras /
260 _aLima :
_bImpresiones y Publicidad,
_c1945.
300 _a382 paginas ;
_c25 cm.
505 _aContenido: Prefacios -- opinion -- el luchador -- el politico -- el caudillo
650 _aRamon Castilla
_98385
650 _aBiografia
_9437
650 _aHistoricas
_912339
650 _aPerú
_935
942 _2ddc
_cLIBROS
945 _apjha